[Event "Oviedo op 8th"]
[Site "Oviedo"]
[Date "2022.07.20"]
[Round "6"]
[White "Arce Cano, Nicolas"]
[Black "Perez Pardo, Ricardo1111"]
[Result "1-0"]
[WhiteElo "1426"]
[BlackElo "1704"]
[PlyCount "175"]
[EventDate "2022.07.17"]
[EventType "swiss"]
[EventRounds "9"]
[EventCountry "ESP"]
[SourceTitle "CBM 209 Extra"]
[Source "ChessBase"]
[SourceDate "2022.09.30"]
[SourceVersion "1"]
[SourceVersionDate "2022.09.30"]
[SourceQuality "1"]

1. d4 f5 2. c4 Nf6 3. Nf3 g6 4. Nc3 Bg7 5. g3 0-0 6. Bg2 d6 7. 0-0 h6 8. b3 c6 9. Bb2 Nbd7 10. Re1 e5 11. dxe5 dxe5 12. e4 f4 13. Qc2 g5 14. Rad1 Qe8 15. Ba3 Rf7 16. c5 Nf8 17. Nd2 Be6 18. Bf1 Rd7 19. Nc4 Bg4 20. Be2 f3 21. Bf1 Rad8 22. Rxd7 Rxd7 23. Rd1 Rd4 24. Bc1 N6h7 25. Be3 Ne6 26. Bxd4 Nxd4 27. Qd3 Qh5 28. Rd2 Nf8 29. Rb2 Nfe6 30. Ne3 Kh8 31. Nxg4 Qxg4 32. b4 Nf4 33. Qe3 h5 34. Kh1 Nh3 35. Qe1 h4 36. Bxh3 Qxh3 37. Qg1 g4 38. Rd2 Bh6 39. Rb2 Bc1 40. Rb1 Bd2 41. Na4 hxg3 42. Qxg3 Qh5 43. h3 Bf4 44. Qxg4 Qxg4 45. hxg4 Kg7 46. Nc3 Kg6 47. a4 Kg5 48. b5 Kxg4 49. bxc6 bxc6 50. Rg1+ Kh3 51. Rg6 Bd2 52. Nd1 a5 53. Rf6 Kg4 54. Rg6+ Kf4 55. Kg1 Kxe4 56. Rd6 Kd3 57. Kf1 Kc4 58. Rd8 Kxc5 59. Rb8 Nc2 60. Rb2 Bb4 61. Rxc2+ Kd6 62. Ne3 c5 63. Nc4+ Kd5 64. Ne3+ Kd6 65. Kg1 e4 66. Kh2 Ke5 67. Rc4 Kf4 68. Nc2 Ke5 69. Kg3 Kd5 70. Ne3+ Ke5 71. Rc2 Kd4 72. Kf4 Bc3 73. Nd1 Bb4 74. Nb2 Bc3 75. Kf5 Bxb2 76. Rxb2 c4 77. Rd2+ Kc3 78. Rd5 Kb4 79. Kxe4 Kxa4 80. Kd4 Kb4 81. Rc5 a4 82. Rxc4+ Kb3 83. Rc8 a3 84. Ke3 a2 85. Ra8 Kb2 86. Kxf3 a1Q 87. Rxa1 Kxa1 88. Ke4 1-0

[Event "ESP-ch U14"]
[Site "Salobrena"]
[Date "2020.08.06"]
[Round "6"]
[White "Arce Cano, Nicolas"]
[Black "Antich Fernandez, Marta Isabel"]
[Result "0-1"]
[WhiteElo "1310"]
[BlackElo "1645"]
[PlyCount "56"]
[EventDate "2020.08.03"]
[EventType "swiss"]
[EventRounds "9"]
[EventCountry "ESP"]
[SourceTitle "EXT 2021"]
[Source "ChessBase"]
[SourceDate "2020.10.23"]
[SourceVersion "1"]
[SourceVersionDate "2020.10.23"]
[SourceQuality "1"]

1. d4 d5 2. Bf4 Nf6 3. e3 c5 4. c3 Nc6 5. Nd2 e6 6. Ngf3 Bd6 7. Bg3 0-0 8. Bd3 Qe7 9. Ne5 Bxe5 10. dxe5 Nd7 11. f4 f5 12. Nf3 c4 13. Be2 Nc5 14. 0-0 Ne4 15. Bh4 Qc5 16. Qc1 h6 17. Kh1 b5 18. Bd1 a5 19. a3 Ba6 20. Nd4 Nxd4 21. exd4 Qb6 22. Rf3 b4 23. axb4 axb4 24. Re3 bxc3 25. bxc3 Rfb8 26. Re2 Bc8 27. Be1 Rxa1 28. Qxa1 Qb1 0-1